| 000 | 00559nam a2200241 a 4500 | ||
|---|---|---|---|
| 001 | nice12345678 | ||
| 003 | IN_TiNIC | ||
| 005 | 20260116011605.0 | ||
| 008 | 050524s1964 deoa grp 000 0 urd | ||
| 020 |
_a _c3 |
||
| 082 | 0 | 0 |
_a297.2 _bMAH |
| 100 | _aMahirul, Qadiri | ||
| 245 | _aBiddat Kiya Hai? | ||
| 260 |
_aDeoband _bMaktaba Taiyyaba _c1964 |
||
| 300 | _a300p | ||
| 500 | _aincludes index and biblioraphy | ||
| 505 | 2 | _aTable | |
| 650 | _aIslam-Doctrines | ||
| 700 | 1 | _aMahirul, Qadiri | |
| 902 | _bSRS | ||
| 942 | _cBK | ||
| 999 |
_c2783 _d2783 |
||